Editorial

Uložené v:
Podrobná bibliografia
Hlavný autor: Jankelová, Nadežda, 1966-
Ďalší autori: Mironyuk, Ivan S.
Médium: Kapitola
Jazyk:English
Tagy: Pridať tag
Žiadne tagy, Buďte prvý, kto otaguje tento záznam!

MARC

LEADER 00000naa a2200000 4500
001 0299193
005 20240502084010.7
041 0 |a eng 
044 |a AT 
245 1 0 |a Editorial  |c Nadežda Jankelová, Ivan S. Mironyuk 
100 1 |a Jankelová, Nadežda, 1966- 
700 1 |a Mironyuk, Ivan S.